The relevance of Epheshians 4:3 a la unificación de REC and WARC (Registro nro. 62748)
[ vista simple ]
| 000 -LÍDER | |
|---|---|
| Campo fijo de descripción fija | 006530000a22001210004500 |
| 100 1# - ASIENTO PRINCIPAL--NOMBRE PERSONAL | |
| Nombre personal | Van Wyngaard, Arnau |
| 245 10 - TÍTULO | |
| Título del Material | The relevance of Epheshians 4:3 a la unificación de REC and WARC |
| 300 ## - DESCRIPCIÓN FÍSICA | |
| Extensión | Vol.58, núm.2/3 (June-Sept., 2008), Páginas 135-141 |
| 500 ## - NOTA GENERAL | |
| Nota General | Debemos ser atentos que la unificación puede causar sentimientos de preocupación. Algo tiene que ceder en el proceso de unificación. Especialmente iglesias pequeñas pueden sentirse perdidas en el cuerpo unificado más grande. Desde la perspectiva de una iglesia pequeña, Wyngaard reflexiona sobre Efesios. |
| 650 14 - ASIENTO SECUNDARIO DE MATERIA - TERMINO TEMÁTICO | |
| Término temático o nombre geográfico como elemento de entrada | EFESIOS-UNIDAD |
| 773 0# - HOST ITEM ENTRY | |
| Title | Reformed World |
| 942 ## - TIPO DE MATERIAL (KOHA) | |
| Tipo de Item KOHA | Artículos de Revista |
| Estado de Material | Estado de Perdido | Estado de Dañado | No para Préstamo | Colección | Biblioteca de Origen | Biblioteca Permanente | Fecha de Adquisición | Total de Préstamos | Signatura Topográfica | Última vez visto | Fecha de Remplazo | Tipo de Material |
|---|---|---|---|---|---|---|---|---|---|---|---|---|
| Colección de Hemeroteca | Biblioteca FUSBC | Biblioteca FUSBC | 26/01/2016 | 26/01/2016 | 26/01/2016 | Artículos de Revista |
